| 000 -LEADER |
| fixed length control field |
00676cam a2200217 i 4500 |
| 001 - CONTROL NUMBER |
| control field |
18569958 |
| 003 - CONTROL NUMBER IDENTIFIER |
| control field |
Ge_BSU |
| 005 - DATE AND TIME OF LATEST TRANSACTION |
| control field |
20230421125725.0 |
| 008 - FIXED-LENGTH DATA ELEMENTS--GENERAL INFORMATION |
| fixed length control field |
150409s2014 enk b 001 0 eng |
| 020 ## - INTERNATIONAL STANDARD BOOK NUMBER |
| International Standard Book Number |
9780199328710 |
| 041 ## - LANGUAGE CODE |
| Language code of text/sound track or separate title |
eng |
| 080 ## - UNIVERSAL DECIMAL CLASSIFICATION NUMBER |
| Universal Decimal Classification number |
159.97 the -44 |
| 245 00 - TITLE STATEMENT |
| Title |
The Oxford handbook of clinical psychology / |
| Statement of responsibility, etc. |
edited by David H. Barlow. |
| 250 ## - EDITION STATEMENT |
| Edition statement |
Updated edition. |
| 264 #1 - PRODUCTION, PUBLICATION, DISTRIBUTION, MANUFACTURE, AND COPYRIGHT NOTICE |
| Place of production, publication, distribution, manufacture |
Oxford ; |
| Name of producer, publisher, distributor, manufacturer |
Oxford University Press, |
| Date of production, publication, distribution, manufacture, or copyright notice |
2014. |
| 300 ## - PHYSICAL DESCRIPTION |
| Extent |
945 pages : |
| Other physical details |
illustrations ; |
| Dimensions |
26 cm. |
| 490 0# - SERIES STATEMENT |
| Series statement |
Oxford library of psychology |
| 653 ## - INDEX TERM--UNCONTROLLED |
| keyword |
ფსიქოლოგია |
| 700 1# - ADDED ENTRY--PERSONAL NAME |
| Personal name |
Barlow, David H. |
| Relator term |
რედაქტორი |
| 9 (RLIN) |
17714 |
| 942 ## - ADDED ENTRY ELEMENTS (KOHA) |
| Source of classification or shelving scheme |
|
| Koha item type |
წიგნი |